00522nam a2200205 a 45000010005000000030009000050080041000140400028000550820016000831000029000992450031001282500007001592600031001663000014001974900023002116500021002346500032002559420012002879990017002992792CO-ViMGA141112s2004 ck r 000 u spa d aCO-ViMGAbspacCO-ViMGA04a745.5 C518c1 aClaudius, Christel9501710aCuadros con hilos tensados a2a aBarcelona : bCeac, c1989 a47 p : il aCómo hacerlo, 4014aARTESANIAS9419114aCUADROS - ELABORACION95018 2ddccBK c14863d14863